[Event "GER-chT Betriebe 17th"]
[Site "Berlin"]
[Date "2017.11.04"]
[Round "6.2"]
[White "Lehmann, Michael"]
[Black "Christ, Heyko"]
[Result "1-0"]
[WhiteElo "1722"]
[BlackElo "1547"]
[PlyCount "73"]
[EventDate "2017.11.02"]
[EventType "team-swiss"]
[EventRounds "7"]
[EventCountry "GER"]
[SourceTitle "EXT 2020"]
[Source "ChessBase"]
[SourceDate "2019.10.17"]
[SourceVersion "1"]
[SourceVersionDate "2019.10.17"]
[SourceQuality "1"]
[WhiteTeam "Berlin Tempelhof III"]
[BlackTeam "Hamburg Rapid Unilever"]
[WhiteTeamCountry "GER"]
[BlackTeamCountry "GER"]

1. c4 g6 2. g3 Bg7 3. Bg2 c5 4. Nc3 Nf6 5. d3 0-0 6. e4 d6 7. h3 e5 8. Nge2 h6 9. 0-0 a6 10. f4 exf4 11. Bxf4 Nh5 12. g4 Nxf4 13. Nxf4 Bd4+ 14. Kh1 Nd7 15. Qd2 Kg7 16. Nce2 Be5 17. Rf3 b5 18. Raf1 bxc4 19. dxc4 Nf6 20. Re3 Nh7 21. Nd3 Qg5 22. Nxe5 Qxe5 23. Rd3 Rd8 24. Rd1 Bb7 25. Rxd6 Rxd6 26. Qxd6 Qxb2 27. Rd2 Qa1+ 28. Kh2 Re8 29. Ng3 Nf6 30. Re2 Re5 31. Qb8 Re7 32. e5 Ng8 33. Bxb7 Qb1 34. Qd6 Rxb7 35. Qxc5 Qd3 36. Qd5 Qa3 37. Qxb7 1-0

[Event "GER-chT Betriebe 17th"]
[Site "Berlin"]
[Date "2017.11.02"]
[Round "1.2"]
[White "Limbourg, Philipp"]
[Black "Christ, Heyko"]
[Result "1-0"]
[WhiteElo "2214"]
[BlackElo "1547"]
[PlyCount "34"]
[EventDate "2017.11.02"]
[EventType "team-swiss"]
[EventRounds "7"]
[EventCountry "GER"]
[SourceTitle "EXT 2020"]
[Source "ChessBase"]
[SourceDate "2019.10.17"]
[SourceVersion "1"]
[SourceVersionDate "2019.10.17"]
[SourceQuality "1"]
[WhiteTeam "Essen RWE"]
[BlackTeam "Hamburg Rapid Unilever"]
[WhiteTeamCountry "GER"]
[BlackTeamCountry "GER"]

1. e4 c5 2. Nc3 Nc6 3. Bb5 g6 4. Bxc6 bxc6 5. d3 Bg7 6. Nf3 d6 7. 0-0 e5 8. Be3 Qc7 9. Qd2 Qe7 10. Ne1 f5 11. f4 Rb8 12. fxe5 Bxe5 13. Nf3 Bf6 14. Rfe1 Qg7 15. exf5 Ne7 16. Bh6 Qf7 17. Ng5 Bd4+ 1-0